000 00421nam a2200157 i 4500
001 104778
003 ES-MaACL
005 20230906183702.0
007 t|
008 051212s1920 fr ||||1| fre d
100 1 _aMirbeau, Octave.
_981577
245 1 0 _aUn gentilhomme
_b: roman /
_cOctave Mirbeau.
260 _aParis :
_b[s.n.],
_c1920 (
_fImp. L. Pochy)
300 _a247 p. ;
_c19 cm.
852 _aES-MaACL
_jF-9592
999 _c104778
_d104778